000 00650nam a2200265 a 4500
003 AR-BaBNM
005 20251128204410.0
008 082120s2002 ||||||||||||||000 | spa||
040 _cAR-BaBNM
100 1 _aSánchez Zinny, Fernando
245 0 0 _aRenacimiento y otros poemas
260 _aBuenos Aires
_bLosada
_c1971
300 _a80 p.
490 0 _aPoetas de ayer y de hoy
500 _aContiene índice de los poemas
650 4 _aLITERATURA ARGENTINA
650 4 _aCULTURA
650 4 _aHUMANIDADES
650 4 _aPOESIA
650 4 _aSIGLO VEINTE
653 _aSONETO
655 _aLITERATURA
942 _cBK
998 _cisola
999 _c7312
_d7312